000 00391nam a2200121Ia 4500
008 160609s9999 xx 000 0 und d
100 _aShelton, Brett E.
245 4 _aThe Design And Use Of Simulation Computer Games In Education
245 _cBy:Brett E. Shelton
260 _c2015
650 _xEDUCATIONAL TECHNOLOGY
856 _uhttp://file.ebook777.com/TheDesAndUseOfSimComGamInEdu.pdf
999 _c295929
_d295929